| 000 | 00892cad a22002415a 4500 | ||
|---|---|---|---|
| 001 | E147388 | ||
| 008 | 090508s2009 stk df s 000 0 eng u | ||
| 035 | _a(Sirsi) u147388 | ||
| 041 | _aeng | ||
| 050 | 0 | 4 | _a333.33 $2 18 |
| 110 | 2 |
_aRyden _92067 |
|
| 245 | 0 | 0 |
_aScottish property review _bApril 2009 _h[electronic resource] |
| 250 | _a64th ed. | ||
| 260 |
_aEdinburgh _bRyden _c2009 |
||
| 300 |
_a16p. _bill. _c30cm. |
||
| 490 | 0 |
_aScottish Property Review _v(64) April 2009 |
|
| 520 | _aIncludes information on the economy and planning, as well as details of the investment market and retail, office and industrial property. | ||
| 590 | _aKA | ||
| 651 | 4 |
_aScotland _y1999- |
|
| 690 | _aPROPERTY-COMMERCIAL PROPERTY-COMMERCIAL PROPERTY MARKET | ||
| 856 | 4 | 1 |
_uhttps://www.ryden.co.uk/News/scottishPropertyReview.php _zView the report free of charge at www.ryden.co.uk... |
| 942 | _n0 | ||
| 999 |
_c109533 _d109533 |
||